Makanan Sehari - Hari Di Indonesia - Statistics

General Stats
  • This quiz has been taken 118 times
  • The average score is 6 of 8
Answer Stats
Picture Answer % Correct
Nasi Goreng
100%
telor / telur
98%
rendang
97%
Ayam Goreng
86%
Kerupuk
63%
Bakso
57%
mie instan
41%
spageti
33%
No matching quizzes found
Score Distribution
Percent of People with Each Score
Percentile by Number Answered
Your Score History
You have not taken this quiz